|
|
|
|
| LEADER |
01207njm a2200397 a 4500 |
| 001 |
000292561 |
| 003 |
CZ BrMZK |
| 005 |
19950101143423.0 |
| 008 |
950101s1995 xr f cze d |
| 028 |
0 |
3 |
|a 71 0240-4
|b Bonton Music
|
| 040 |
|
|
|a BOA001
|b cze
|
| 080 |
|
|
|a 784.4.03"199"(086.7)
|2 MRF
|
| 110 |
2 |
|
|a Laura a její tygři (hudební skupina)
|7 ko2003164907
|4 prf
|
| 245 |
1 |
0 |
|a Rituál
|h [zvukový záznam] /
|c Laura a její tygři.
|
| 246 |
3 |
3 |
|a Studené oči
|
| 246 |
3 |
3 |
|a Ty a já
|
| 246 |
3 |
3 |
|a 199X
|
| 246 |
3 |
3 |
|a Hadí oči
|
| 246 |
3 |
3 |
|a Haldová ústa
|
| 246 |
3 |
3 |
|a Koko mio
|
| 246 |
3 |
3 |
|a Křik
|
| 246 |
3 |
3 |
|a Na hoře Hill-el
|
| 246 |
3 |
3 |
|a Návrat
|
| 246 |
3 |
3 |
|a Ohně pod horou
|
| 246 |
3 |
3 |
|a Pohledy zuby
|
| 260 |
|
|
|a Praha :
|b Bonton Music,
|c p1995
|
| 300 |
|
|
|a 1 MC +
|e 1 slož. list.
|
| 500 |
|
|
|a Durata neuv
|
| 500 |
|
|
|a Texty písní v doprovod. mater.
|
| 500 |
|
|
|a Nahr. 1994
|
| 505 |
2 |
|
|a Ohně pod horou, Křik, Hadí oči ... [et al.]
|
| 653 |
0 |
|
|a rocková hudba
|
| 910 |
|
|
|a BOA001
|b KZ-0003.484
|
| 964 |
|
|
|a Hudba rocková
|z stol.20.,léta 90.
|x MC
|
| 990 |
|
|
|a AV
|
| 996 |
6 |
|
|b 261H003520
|c KZ-0003.484
|l MZK
|r Sklad / do 24 hodin
|n 0
|w 000292561
|u 000010
|a 1
|e BOA001
|j MZK50
|s P
|